Famosos #7 - Statistics

Estatísticas Gerais
  • Esse quiz foi jogado 126 vezes
  • A pontuação média é 5 de 15
Estatísticas das Respostas
Imagem Resposta % Correto
Ariana Grande
95%
Demi Lovato
80%
Jason Momoa
73%
Chris Hemsworth
70%
Rupert Grint
40%
Patrick Dempsey
33%
GwynethPaltrow
31%
Rami Malek
28%
Reese Witherspoon
21%
Karen Gillan
5%
Kellan Lutz
5%
Sela Ward
5%
Julian McMahon
4%
Scott Foley
3%
Aya Cash
1%
Nenhum quiz correspondente encontrado
Distribuição das Pontuações
Porcentagem de Pessoas com Cada Pontuação
Percentil de Números Respondidos
Sua Pontuação Histórica
Você não jogou esse quiz